[Event "Wch U18 Girls"]
[Site "Montesilvano"]
[Date "2023.11.16"]
[Round "4"]
[White "Barwinska, Ewa"]
[Black "Gonzalez Romo, Greshya Jocelyn"]
[Result "1-0"]
[WhiteElo "1974"]
[BlackElo "1494"]
[PlyCount "81"]
[EventDate "2023.11.13"]
[EventType "swiss"]
[EventRounds "11"]
[EventCountry "ITA"]
[SourceTitle "CB48_2023"]
[SourceDate "2023.11.29"]
[SourceVersion "1"]
[SourceVersionDate "2023.11.29"]
[SourceQuality "1"]

1. e4 c5 2. Nf3 e6 3. d3 Nc6 4. g3 g6 5. c3 e5 6. d4 exd4 7. cxd4 Bg7 8. d5 Nd4 9. Nxd4 Bxd4 10. Qc2 d6 11. Bd2 f5 12. Bc3 Qf6 13. Bb5+ Kf7 14. Nd2 Ne7 15. 0-0 a6 16. Bd3 Bxc3 17. bxc3 b5 18. c4 Bd7 19. Rfe1 Kg7 20. exf5 Bxf5 21. Ne4 Bxe4 22. Bxe4 Rhf8 23. Rab1 b4 24. Rb3 Qg5 25. Rbe3 Rf7 26. Bd3 Nf5 27. Bxf5 Qxf5 28. Qe2 Raf8 29. f4 Rf6 30. Qb2 Kh6 31. Qd2 a5 32. Qd1 g5 33. fxg5+ Qxg5 34. Re4 Qf5 35. Rf4 Qd7 36. Re6 Rxe6 37. dxe6 Qe7 38. Rg4 Qf6 39. Qd2+ Kh5 40. Rh4+ Kg6 41. Rh6+ 1-0

[Event "Pan American-ch U16 Girls"]
[Site "Montevideo"]
[Date "2022.06.27"]
[Round "3"]
[White "Gonzalez Gonzalez, Valentina Anto"]
[Black "Gonzalez Romo, Greshya Jocelyn"]
[Result "1-0"]
[WhiteElo "1457"]
[BlackElo "1425"]
[PlyCount "33"]
[EventDate "2022.06.26"]
[EventType "swiss"]
[EventRounds "9"]
[EventCountry "URU"]
[SourceTitle "EXT 2023"]
[Source "ChessBase"]
[SourceDate "2022.10.05"]
[SourceVersion "1"]
[SourceVersionDate "2022.10.05"]
[SourceQuality "1"]

1. d4 d5 2. c4 c6 3. Nc3 e6 4. e4 dxe4 5. Nxe4 Bb4+ 6. Bd2 Qxd4 7. Bxb4 Qxe4+ 8. Be2 Na6 9. Bf8 Qe5 10. Qd2 Ne7 11. 0-0-0 Qc7 12. Bxg7 Rg8 13. Be5 Qb6 14. Bh5 Rxg2 15. Nh3 Nb4 16. Ng5 Qxf2 17. Qd8# 1-0